| 000 | 00795cam a22002415a 4500 | ||
|---|---|---|---|
| 001 | 935526 | ||
| 005 | 20180104143625.0 | ||
| 008 | 831205t1984 enka frb 001 0 eng d | ||
| 020 | _a0312677987 | ||
| 040 |
_aDLC _cDLC _dDLC _dEG-ScBUE _beng |
||
| 043 | _ae-uk--- | ||
| 082 | 0 | 4 |
_a307.333 _222 _bDAV |
| 100 | 1 | _aDavies, R. L. | |
| 245 | 1 | 0 |
_aRetail and commercial planning / _cRoss L. Davies. |
| 260 |
_aLondon : _bCroom Helm ; _aNew York : _bSt. Martin's Press, _cc.1984. |
||
| 300 |
_axiv, 379 p. ; _bill. ; _c23 cm. |
||
| 504 | _aIncludes bibliographical refernces and indexes. | ||
| 541 | _aDonation from David kirby. | ||
| 650 | 7 |
_aStore location _zGreat Britain _xPlanning. _2BUEsh |
|
| 650 | 7 |
_aRetail trade _zGreat Britain _xPlanning. _2BUEsh |
|
| 653 |
_bGGEN _cJanuary2018 |
||
| 942 | _2ddc | ||
| 999 |
_c25864 _d25836 |
||